Ještě ke smlouvě o dílo
V súvislosti s priemyselnou revolúciou 4.0 a odstraňovaním následkov koronakrízy sa očakáva rozvoj investícií. Bude sa využívať zmluvný typ zmluva o dielo. Aktuálne otázky ohľadom zmluvy o dielo. Základné ustanovenia. Podstatné náležitosti zmluvy. Práva a povinnosti strán. Predmet diela, vlastnícke...
Gespeichert in:
| 1. Verfasser: | |
|---|---|
| Format: | Buchkapitel |
| Sprache: | Slowakisch |
| Schlagworte: | |
| Tags: |
Keine Tags, Fügen Sie das erste Tag hinzu!
|
MARC
| LEADER | 00000naa a2200000 4500 | ||
|---|---|---|---|
| 001 | 0282412 | ||
| 005 | 20220304131116.1 | ||
| 041 | 0 | |a slo | |
| 044 | |a SK | ||
| 245 | 1 | 0 | |a Ještě ke smlouvě o dílo |c Karel Marek |
| 520 | |a V súvislosti s priemyselnou revolúciou 4.0 a odstraňovaním následkov koronakrízy sa očakáva rozvoj investícií. Bude sa využívať zmluvný typ zmluva o dielo. Aktuálne otázky ohľadom zmluvy o dielo. Základné ustanovenia. Podstatné náležitosti zmluvy. Práva a povinnosti strán. Predmet diela, vlastnícke právo. Prevedenie diela. Cena diela. Vady diela. Skryté prekážky, odovzdanie stavby. | ||
| 610 | 2 | 0 | |a zákonník občiansky |
| 610 | 2 | 0 | |a zákonník obchodný |
| 610 | 2 | 0 | |a zákony |
| 610 | 2 | 0 | |a legislatíva |
| 610 | 2 | 0 | |a zmluvy |
| 610 | 2 | 0 | |a zmluvy o dielo |
| 610 | 2 | 0 | |a záväzky |
| 100 | 1 | |a Marek, Karel | |